000 01902nam a2200289Ia 4500
999 _c51660
_d51660
001 18651
003 GE_BSU
005 20250127153033.0
008 181216s2016||||ge |||||||||||||| ||geo||
020 _a9789941462375
040 _cGE_BSU
041 _ageo
080 _a373(479.223)(09) დ-90
100 _aდუმბაძე, სერგო
_91492
245 _aასწლოვანი სკოლა აბუსერისძეთა ნაფუძარზე:
_bაბუსრისძე ტბელის სახელობის თხილვანის სკოლა -100- /
_cსერგო დუმბაძე, ნიკოლოზ დუმბაძე, შოთა ბოლქვაძე, რედ. ნოდარ ბასილაძე
264 _aბათუმი:
_bშოთა რუსთაველის უნიტის გამ-ბა
_c2016.
300 _a416 გვ .:
_bფოტო პორტ.ილ, ცხრ;
_c 24 სმ.
600 _2წიგნი ეძღვნება ხულოს მუნიციპალიტეტის აბუსერისძე ტბელის სახელობის თხილვანის საჯარო სკოლის 100 წლისთავს
653 _aასწლოვანი სკოლა აბუსერისძეთა ნაფუძარზე
653 _aპედაგოგიკა
700 _aდუმბაძე,ნიკოლოზ
_924133
700 _aბოლქვაძე,შოთა
_924134
700 _aბასილაძე, ნოდარ
_eრედაქტორი
_924135
710 _aბათუმის შოთა რუსთაველის სახელმწიფო უნივერსიტეტი
_924136
773 _tნაჩუქარი
942 _cBK
_2udc